| 000 | 00509nam a22001697a 4500 | ||
|---|---|---|---|
| 003 | 0 | ||
| 005 | 20230619095605.0 | ||
| 008 | 230619b xxu||||| |||| 00| 0 eng d | ||
| 020 | _a978-971-630-167-0 | ||
| 082 |
_aFil. 372.4 _b. Re886 2010 |
||
| 245 |
_aAy naku! _cRoxas, Reni |
||
| 260 |
_aMakati City _bTahanan Books for Young Readers _cc2010 |
||
| 300 |
_a33pp. _bcol. ill. _c23cm. |
||
| 500 | _aReading (Early childhood)-Pictorial works. | ||
| 500 | _aChildren's stories, Filipino. | ||
| 942 |
_2ddc _cBK |
||
| 999 |
_c365006 _d365006 |
||